Quizzes
Events
Quiz Creation
Community
Videos
Private Events
Remove Ads
Sign In
Join for FREE
Feedback
Dark Mode
Quiz Categories
Sports
Geography
Music
Movies
Television
Just For Fun
Miscellaneous
History
Literature
Language
Science
Gaming
Entertainment
Religion
Holiday
For Kids
Quiz Lab
Recent
Popular Today
Quiz Kudos Today
Editor Picks
Curator Picks
Quizzes by...
Day
Popularity
Type
Ratings
Length
Year
Community
Subscriptions
Recent Discussions
Orange Saloon
Badges
Playlists
Quests
Create
Leaderboards
Showdown
Live 5
Trivia Bingo
Activity
Puzzle Library
Sporcle Events
Private Events
Virtual Trivia
Globe League
Become a Host
Pub Owners
SporcleCon
Opinionation
Our Games
Videos
Blog
Mobile Apps
Partnerships
Remove Ads and Go Orange
Feedback
Music
Pop Music
The Beatles
Song
Album
Lyrics
Bands
Singers
Artist
Clip
Rock
Rap
Classical
Billboard
Country Music
Kpop
Taylor Swift
Music
Pop Music
The Beatles
Song
Album
Lyrics
Bands
Singers
Artist
Clip
Rock
Rap
Classical
Billboard
Country Music
Kpop
Taylor Swift
Random Quiz
Search Sporcle
×
Quiz Lab
Quiz Lab
Music
Rock
Select answers by clicking on text or image buttons
Select answers by clicking on text or image buttons
Clickable
Best Score? Go Orange.
It's Not A Fashion Statement Or I Never Told You Stats
Are the lyrics from It's Not A Fashion Statement or I Never Told You?
By
mcrfalloutgirl
10m
30 Questions
291 Plays
291 Plays
291 Plays
Comments
Comments
Give Quiz Kudos
Give Quiz Kudos
-
- Ratings
hide this ad
More Info
Forced Order
Answers have to be entered in order
Answers have to be entered in order
Random Order
Randomize order of answers
Randomize order of answers
Replay
Link that replays current quiz
Next Quiz
Link to next quiz in quiz playlist
You Got
0%
They Got
Avg Score
75%
Avg Friend Score
Upgrade to see
Score Distribution
Jump to the score distribution portion of the page
Score
0/30
Timer
10:00
0
Plays Today
% Correct
I Never Told You
82.5%
I Never Told You
82.1%
I Never Told You
80.8%
It's Not A Fashion Statement
80.1%
It's Not A Fashion Statement
78.4%
I Never Told You
78.4%
It's Not A Fashion Statement
78%
I Never Told You
78%
It's Not A Fashion Statement
77.3%
It's Not A Fashion Statement
77.3%
It's Not A Fashion Statement
76.6%
It's Not A Fashion Statement
76.6%
I Never Told You
76.6%
I Never Told You
76.3%
I Never Told You
76.3%
% Correct
I Never Told You
76.3%
I Never Told You
75.6%
It's Not A Fashion Statement
75.6%
I Never Told You
75.6%
It's Not A Fashion Statement
75.6%
It's Not A Fashion Statement
75.6%
It's Not A Fashion Statement
74.6%
It's Not A Fashion Statement
74.6%
It's Not A Fashion Statement
73.9%
It's Not A Fashion Statement
73.5%
I Never Told You
73.2%
I Never Told You
73.2%
I Never Told You
72.5%
I Never Told You
69.8%
It's Not A Fashion Statement
59.8%
Quiz Playlist
Details
Report
Send in Message
Add To Playlist
More Info:
Are the lyrics from It's Not A Fashion Statement It's A Deathwish or I Never Told You What I Do For A Living by My Chemical Romance?
Clickable:
Select answers by clicking on text or image buttons
Forced Order:
Answers have to be entered in order
Random Order:
Randomize order of answers
Last Updated: Dec 25, 2017
Quiz Scoreboard
CHALLENGE
Sign Up to Join the Scoreboard
Show All
Scores
Hide
Comments
May contain spoilers
Recently Published
College Basketball Coaching Resumes
by pancakes188
Sports
9m
Billboard Blitz: Fleetwood Mac
by CooCooCachoo
Music
15s
Presidents Visiting Landmarks
by Hejman
History
7m
More to Explore
Quiz From the Vault
Featured Blog Post
Where Did the Easter Bunny Come From?
hide this ad
You Might Also Like...
Tags
Lyrics Quiz
Rock Quiz
Song Quiz
Alt Rock
emo
Emo Band
Emo Rock
mcr
My Chemical Romance
Rock Lyrics
Rock Musicians
Rock Songs
Today's Top Quizzes in Music
Browse Music
hide this ad
Today's Top Quizzes in Rock
Browse Rock
Top Contributed Quizzes in Music
1
Taylor Swift All Songs (2024)
2
Guess the Artist- 70s Songs
3
7-to-1: Billboard Hot 100 #1 Hits of 2010s
4
Sorting Albums and Songs
5
Taylor Swift Logic Puzzle
6
KPOP LOGIC QUIZ
7
Guess the Taylor Swift song (Mystery Song)
8
One Thing in Common: Music
9
2010s Album by Cover III
10
Guess The Taylor Swift Lyrics Song #1
Explore More
Trending Topics
Crossword
Harry Potter
NBA
Anime
Disney
Kpop
Marvel
The Office
Country
WWE
Puzzle
Song
Soccer
NFL
Pokémon
hide this ad
More By:
mcrfalloutgirl
Quiz
Plays
Rating
Category
Featured
Created
Missing Word: Fall Out Boy Songs
7,092
3.75
Just For Fun
Dec 22, 2017
Match The Song To The Emo Trinity Band
5,638
5.00
Music
Sep 30, 2017
Name The TMI, TDA, and TID Characters
4,053
1.60
Literature
Jan 8, 2018
Long Emo Trinity Song Titles
3,382
5.00
Music
Jan 29, 2018
Name The MCR Era By A Picture Of Gerard Way
3,046
3.25
Music
Jan 18, 2018
Go to Creator's Profile
Score Distribution
Quiz Creator Spotlight
mcrfalloutgirl
Follow
Send a Message
Quizzes Created
-
Created Quiz Play Count
-
More By This Creator
Popular Quizzes Today
1
Find the US States - No Outlines Minefield
2
Find the Countries of Europe - No Outlines Minefield
3
The Countries of the World
4
Find the US States
5
Risky Map Clicking: Biggest States A-Z
6
US States
7
Popular People in 1961
8
Movies - When Are They Set?
More Music Quizzes
itzy members
Quiz Lab
Trending Quizzes
Risky Map Clicking: Least Populous States A-Z
1-10 Letter G Words
1-10 Letter F Words
Risky Map Clicking: Next State Alphabetically
Adjectives in 80s TV Shows
Recently Updated
Leaping Animals
pecheneg
Reality TV Shows (A-Z)
bhenderson79
Rickey Henderson's Hall of Fame Teammates
pecheneg
Champions League XIs: Arsenal
pecheneg
Quick Pick: Celebrities in WWE's Hall of Fame
aduchscher
A-Z Keypad Blitz II
pecheneg
Multiple Oscar Actors
pecheneg
Mystery Phrase Blitz: Oscar 'Best Actors'
pecheneg
F. Scott Fitzgerald Novels
LTH
Pick 3 Villains
ddd62291
Trending Topics
Anime
Kpop
Marvel
Crossword
Disney
NBA
Harry Potter
Pokémon
Song
WWE
NFL
Country
The Office
Soccer
Puzzle
Your Account Isn't Verified!
In order to create a playlist on Sporcle, you need to verify the email address you used during registration. Go to your
Sporcle Settings
to finish the process.
Report this User
Report this user for behavior that violates our
Community Guidelines
.
Details:
Send Report
Go to the Sporcle.com Mobile Site →
Comments